header

Narcissism (Record no. 129298)

MARC details
000 -LEADER
fixed length control field 01196nam a2200313Ia 4500
082 04 - DEWEY DECIMAL CLASSIFICATION NUMBER
Classification number 616.85854
245 00 - TITLE STATEMENT
Title Narcissism
260 ## - PUBLICATION, DISTRIBUTION, ETC. (IMPRINT)
Place of publication London ;
-- New York :
Name of publisher Karnac,
Year of publication 2007.
300 ## - PHYSICAL DESCRIPTION
Number of Pages x, 231 p. :
Other physical details ports.
650 #0 - SUBJECT ADDED ENTRY--TOPICAL TERM
Topical Term Narcissism.
Topical Term Psychoanalysis.
700 1# - ADDED ENTRY--PERSONAL NAME
Personal name Gaitanidis, Anastasios.
Personal name Curk, Polona.
856 40 - ELECTRONIC LOCATION AND ACCESS
Uniform Resource Identifier http://site.ebrary.com/lib/rucke/Doc?id=10463974

No items available.

© 2026 Rongo University
Contact us: librarian | system librarian | Rongo university